000 00855nam a22002177a 4500
999 _c57721
_d57721
003 Ge_BSU
005 20201015114726.0
008 201015s 2012ge ||||| |||| 00| 0 geo d
020 _a9789941915765
041 _ageo
080 _a336.77.067.32(075.8) ჭ-24
100 _aჭანტურია, ლადო.
_99603
245 _aკრედიტის უზრუნველყოფის სამართალი :
_b[სახელმძღვ.] /
_cლადო ჭანტურია.
264 _aთბ. :
_bსამართალი,
_c2012.
300 _a304 გვ. ;
_b20 სმ.
501 _aსაძიებელი: გვ. 284-303.
504 _aბიბლიოგრ.: გვ. 276-281.
653 _aსაკრედიტო საქმე
653 _aეკონომიკა
942 _2udc
_cBK